MARC

LEADER 00000nam0a2200000 4500
001 193572
005 20231101224510.0
010 |a 5250004318 
020 |a RU  |b 89-65828 
035 |a (RuTPU)RU\TPU\book\211116 
090 |a 193572 
100 |a 20110324d1989 m a0rusy5003 ca 
101 0 |a rus 
102 |a RU 
105 |a a z 001zd 
200 1 |a Конструкторы  |f А. П. Романов, В. С. Губарев 
210 |a Москва  |c Политиздат  |d 1989 
215 |a 365,[2] с., [25] л. ил.  |d 22 см 
600 1 |a Королев  |b С. П.  |c российский конструктор ракетно-космических систем  |c Герой Социалистического труда  |f 1906/1907-1966  |g Сергей Павлович  |2 stltpush  |3 (RuTPU)RU\TPU\pers\13510  |9 4159 
600 1 |a Янгель  |b М. К.  |c российский конструктор ракетно-космической техники  |f 1911-1971  |g Михаил Кузьмич  |2 stltpush  |3 (RuTPU)RU\TPU\pers\15131  |9 5220 
600 1 |a Глушко  |b В. П.  |c специалист в области ракетно-космической техники  |c академик АН СССР  |f 1908-1989  |g Валентин Петрович  |2 stltpush  |3 (RuTPU)RU\TPU\pers\12464  |9 3471 
610 1 |a космонавтика 
610 1 |a ракетная техника 
610 1 |a СССР 
610 1 |a история 
610 1 |a конструкторы 
675 |a 629.78(092)  |z rus 
700 1 |a Романов  |b А. П.  |g Александр Петрович  |4 070 
701 1 |a Губарев  |b В. С.  |g Владимир Сергеевич  |4 070 
801 0 |a RU  |b RuMRKP  |c 19950417  |g psbo 
801 1 |a RU  |b 63413507  |c 20110324 
801 2 |a RU  |b 63413507  |c 20220305  |g RCR 
942 |c BK